000 00337nam a2200145Ia 4500
003 OSt
005 20240205110039.0
008 170523s9999 xx 000 0 und d
020 _a978-0130751515
040 _ciimt university meerut
100 _aEVANS- CRAIG R
245 0 _aMARKETING CHANNELS
260 _bPRENTICE HA
942 _2ddc
_c02
999 _c293
_d293